000 00516nam a2200181Ia 4500
005 20250508162506.0
008 008 250505s9999 xx 000 0 eng d
037 _aTextual
040 _aFEDL
_beng
_cFEDL
041 _aeng
_2eng
084 _a615.532, SHA
_qFEDL
100 _aSharma C H
_9773274
245 0 _aManual of homoeopathy and natural medicine
260 _aWellington
_bTurnstone Press Limited
_c1975
300 _a154p.
942 _cTEXL
_h615.532, SHA
999 _c1376893
_d1376893